Missing Word: 1984 Movies Quiz Stats

 Plays Quiz Updated Jun 15, 2015

Challenge
Share
Tweet
Embed
Score 0/20 Timer 04:00
0 Plays Today
Hint Answer % Correct
A Nightmare on _______ StreetElm
97.8%
The NeverEnding ______Story
96.5%
Indiana Jones and the _______ of DoomTemple
95.7%
Beverly Hills _______Cop
94.6%
Sixteen ________Candles
92.1%
The _______ KidKarate
91.4%
_______ of the NerdsRevenge
90.4%
This is ______ TapSpinal
90.3%
The Muppets ______ ManhattanTake
88.8%
________ AcademyPolice
84.4%
Hint Answer % Correct
Children of the ________Corn
84.3%
Repo ______Man
83.8%
_______ the StoneRomancing
80.2%
The ______ FieldsKilling
75.6%
Star Trek III: The Search for _______Spock
65.9%
________ DawnRed
63.5%
Once Upon a Time in _____________America
51.8%
The _______ New HampshireHotel
46.9%
_______ Danny RoseBroadway
41.2%
The Philadelphia _________Experiment
33.9%

Today's Daily Dose

Quick Pick
The Muppets

On This Day
December 19th II

You're not logged in!

Compare scores with friends on all Sporcle quizzes.
OR
Log In

You Might Also Like...

Show Comments

Extras

Top Quizzes Today


Score Distribution

Your Account Isn't Verified!

In order to create a playlist on Sporcle, you need to verify the email address you used during registration. Go to your Sporcle Settings to finish the process.

Report this User

Report this user for behavior that violates our Community Guidelines.

Details: